[Event "FRA-ch"]
[Site "Chartres"]
[Date "2005.08.15"]
[Round "1"]
[White "Vaisser, Anatoli"]
[Black "Fontaine, Robert"]
[Result "1/2-1/2"]
[WhiteElo "2576"]
[BlackElo "2526"]
[Annotator "Golod,V"]
[PlyCount "60"]
[EventDate "2005.08.15"]
[EventType "tourn"]
[EventRounds "11"]
[EventCountry "FRA"]
[EventCategory "13"]
[SourceTitle "CBM 109"]
[Source "ChessBase"]
[SourceDate "2005.11.14"]
[SourceVersion "1"]
[SourceVersionDate "2005.11.14"]
[SourceQuality "1"]

1. d4 Nf6 2. c4 e6 3. Nc3 Bb4 4. Qc2 O-O 5. e4 d5 6. e5 Ne4 7. Bd3 c5 8. cxd5
exd5 9. Nge2 cxd4 10. Nxd4 Nd7 11. f4 Ndc5 $5 {Comments to this part of the
game and also to:} (11... Qh4+ $5 {You can find in my annotations to game:
Carlsen,M-Aronian,L/Tripoli,2004/CBM 102(1/2-1/2)(31)}) 12. O-O Nxd3 ({The
main alternative is:} 12... Bxc3 $5 13. bxc3 $140 Qa5 ({After:} 13... Nxd3 14.
Qxd3 {with rearrangement of moves we receive a position from the game.}) 14.
Bxe4 ({Also twice were checked up in previous games:} 14. Bd2) (14. Rf3 $5 {
[%csl Rc3,Yf3][%cal Yf3c3]}) 14... Nxe4 15. a4 $6 (15. Bb2 $142) 15... Bd7 16.
Rf3 Rac8 17. Bb2 Rc4 $15 {Mohamed,E-Gross,D/Clichy,1998(0-1)(33)}) 13. Qxd3
Bxc3 {Only once Black declined the exchange on c3:} (13... Bc5 $6 14. Be3 Bxd4
15. Qxd4 Nxc3 16. bxc3 $14 {Abou el Zein,E-Anka,E/Pardubice,1999 (1/2-1/2)(49)}
) 14. bxc3 Qc7 ({On:} 14... Qa5 $5 {you can find five games in Mega DataBase
2005}) ({This was also seen a couple of times:} 14... Re8) 15. Ba3 Rd8 $5 {
[%csl Rd3,Gd8] According to my database it's a novelty. In the previous game
Black chose:} (15... Re8 $143 16. Rac1 b6 17. c4 $1 (17. Nb5 $5 Qc6 $140 18.
Nd6 $14) 17... Ba6 18. Nb5 Qd7 19. Rfd1 Rad8 20. h3 h5 21. Qe3 (21. Qf3 $5 {
[%csl Rd5,Rh5][%cal Gd1d5,Gf3h5]}) 21... Bxb5 22. Rxd5 Qf5 23. Rxd8 Rxd8 $14 {
1/2-1/2 Lomineishvili,M-Bojkovic,N/Tbilisi,1999}) 16. Rac1 ({After:} 16. Rf3 $6
{Black begins to gain some activity:} Bg4 17. Re3 Rac8 18. Rc1 Qc4 $36) 16...
Qc4 {The square c4 is the most suitable place for the black queen.} (16... b6
$6 17. Nb5 Ba6 (17... Qc4 18. Qxc4 dxc4 19. Rfe1 Bb7 20. Nd6 Nxd6 21. exd6 $14)
18. Nxc7 Bxd3 19. Rfd1 Rac8 20. Rxd3 Rxc7 21. c4 d4 22. Bb2 $14 {[%csl Rd4]})
17. Qc2 $6 {White would have received positional advantage after the queen's
exchange:} (17. Qxc4 $5 dxc4 18. Nb5 {/\Nd6}) 17... Bd7 18. Rf3 Rac8 19. Re3
Re8 {=/=/+ Robert Fontaine consolidated his forces, now his position looks
better.} (19... Qa4 $6 20. Qxa4 Bxa4 21. c4 $1 {פe4} (21. Nf5 $143 Rc4 22. Rd3
Bc6 $11) 21... Nd2 22. cxd5 Rxc1+ 23. Bxc1 Rxd5 24. Nf5 $36 {[%csl Rd5,Rg8]
[%cal Gf5e7]} Rd8 25. Nd6 Nc4 26. Nxc4 Rd1+ 27. Kf2 Rxc1 28. Nd6 $14) 20. Qb3 {
White probably realized that he made a mistake on the 17th move, and now
offers to exchange the queens himself.} b6 21. h3 f6 $1 {Black decided to
break through White's centre, instead of correcting his pawn structure on the
queenside:} (21... Qxb3 $6 22. axb3) 22. exf6 Nxf6 23. Re5 Qd3 24. Qc2 $6 {
Another move with the queen to c2 but it is a mistake.} (24. Be7 $5 Bxh3 $140
25. Bxf6 (25. gxh3 $4 Qg3+ 26. Kh1 $8 Qxh3+ 27. Kg1 Qg4+ 28. Kh1 Qxf4 29. Rce1
Ng4 30. Qxd5+ Kh8 31. Nf3 Qg3 $1 $19) 25... gxf6 26. Qxd5+ Kh8 27. Rxe8+ Rxe8
28. Qf7 {צe8,Pf6} Qe3+ 29. Kh2 Qxf4+ 30. g3 $1 (30. Kxh3 $4 Rg8 $19 {/\Qg3#,
Qh6+}) 30... Qd2+ 31. Kxh3 Qh6+ 32. Kg2 Qd2+ 33. Kf3 (33. Kh3 Qh6+ $11) 33...
Qe3+ 34. Kg2 (34. Kg4 $4 Rg8+ 35. Qxg8+ $8 (35. Kh4 Qxg3+ 36. Kh5 Qg5#) (35.
Kf5 Qe5#) 35... Kxg8 $19) 34... Qd2+ $11) 24... Qxc2 25. Rxc2 {The position
has become simplier, and now it will be much more difficult for Black to use
the minimal positional advantage.} Ba4 26. Rc1 $6 {In my opinion, it was
better to give away the e-file to Black:} (26. Rxe8+ Rxe8 27. Rc1 Bd7 {=/=/+})
26... Ne4 27. Bb2 Nc5 $15 28. Rxd5 $6 {Another dubious decision.} (28. Rxe8+
$142 Rxe8 29. Ba3 $15) 28... Nd3 29. Rb1 Nxf4 (29... Nxb2 $2 30. Rxb2 Rxc3 31.
Rd2 $11) 30. Rg5 Ne6 ({From my point of view, after:} 30... Ne2+ $1 31. Nxe2 (
31. Kh2 $143 h6 $1 (31... Nxc3 $2 32. Rc1 Ne4 (32... Nxa2 $4 33. Ra1 {[%csl
Ga1,Ra2,Ra4]}) 33. Rxc8 Rxc8 34. Nf5 $1 Nxg5 35. Ne7+ Kf7 36. Nxc8 $11) 32. Rd5
(32. Rg4 Bd7 $1 $17) 32... Nxc3 33. Bxc3 Rxc3 $17) 31... Rxe2 32. c4 g6 {
=/+/-/+}) ({or} 30... Ne6 {Black could continue the game without the big risk
of losing:} 31. Rg3 Nxd4 (31... g6 $5) 32. cxd4 Re2 33. d5 g6 $15) 1/2-1/2

[Event "Olympiad-36"]
[Site "Mallorca"]
[Date "2004.10.28"]
[Round "13"]
[White "Van Wely, Loek"]
[Black "Agrest, Evgenij"]
[Result "1-0"]
[WhiteElo "2681"]
[BlackElo "2604"]
[Annotator "Golod,V"]
[PlyCount "89"]
[EventDate "2004.10.15"]
[EventType "team-swiss"]
[EventRounds "14"]
[EventCountry "ESP"]
[SourceTitle "CBM 104"]
[Source "ChessBase"]
[SourceDate "2005.01.27"]
[SourceVersion "1"]
[SourceVersionDate "2005.01.27"]
[SourceQuality "1"]
[WhiteTeam "Netherlands"]
[BlackTeam "Sweden"]
[WhiteTeamCountry "NED"]
[BlackTeamCountry "SWE"]

1. d4 Nf6 2. c4 e6 3. Nc3 Bb4 4. Qc2 d6 {This continuation is more popular on
the following move,after:} (4... O-O 5. a3 Bxc3+ 6. Qxc3 d6 {and so on.}) 5.
Bd2 {Very rare line.Besides,you can see my annotations to four another options:
} (5. a3 {Gurevich,M-Agrest,E/Istanbul,2003/CBM 96(1/2-1/2)(46)}) (5. e3 {
Bischoff,K-Speelman,J/Hastings,2001/CBM 81(1-0)(31)}) (5. Bg5 $5 {Golod,
V-Bogdanovski,V/Halkidiki,2002/CBM 91(1-0)(34)}) (5. Nf3 $5 {Grachev,
B-Kiriakov,P/Krasnodar,2002/CBM 91(1/2-1/2)(42)}) 5... c5 $5 {Black also has
several alternatives:} (5... Nc6 $5 {;5...Nbd7!?; 5...0-0!? and 5...c6.}) 6.
dxc5 dxc5 ({Once were checked in the preceding game:} 6... Bxc5 $6) 7. Nf3 ({
Recently was checked up another continuation:} 7. a3 $143 Ba5 8. Nf3 Nc6 9. e3
b6 10. O-O-O Qe7 11. Bd3 Bb7 12. Ne4 $11 {1/2-1/2 Kalinitschew,S-Ikonnikov,V/
Dieren,2004(12)}) 7... Nc6 8. e3 e5 {Black grasps space,but weakens point "d5".
} 9. Bd3 {Also you can receive the same position in another variation of Nimzo
Indian: 4.e3 c5 5.Bd3 Nc6 6.Nf3 d6 7.Bd2 e5 8.dxc5 dxc5 9.Qc2} Bxc3 {I am not
sure,that this best continuation.} ({On:} 9... O-O $5 {you can find two games})
({and after:} 9... Bg4 {you can find three games in Mega Database 2004.}) 10.
Bxc3 Qe7 11. O-O {White make castle and now can begin active actions at the
queen side and centre.} (11. Nd2 $143 O-O 12. a3 h6 13. O-O-O Nb4 $1 14. Qb1 (
14. axb4 $143 cxb4 {ץc3}) 14... Nxd3+ 15. Qxd3 Rd8 $11 {Lesiege,A-Vulicevic,N/
New York,1993(1-0)(38)}) 11... h6 {><g5} 12. a3 O-O {The same position,with
rearrangement of moves in opening,has met in two more games.} 13. h3 {White,in
turn, prevent a "Bg4".} (13. Nd2 $5 {/\Ne4} Be6 14. b3 Rad8 15. Ne4 Ne8 16. Ng3
Nd6 17. Rad1 f5 18. Rfe1 Qf7 19. f4 b5 $2 (19... exf4 $5 20. exf4 $140 b5 $1
$132) 20. Bxe5 {+/=/+/- Slutzky,L-Boensch,U/Herzliya,1993(1/2-1/2)(49)}) 13...
a5 $146 {><b4} (13... Nh5 $2 {is refuted by:} 14. Be4 (14. Bh7+ $5 Kh8 $140 15.
Be4) 14... Bd7 15. Bxc6 Bxc6 16. Nxe5 {+/-/+- David,R-Stevanovic,I/Germany,
1994(0-1)(39)}) 14. b3 Rd8 {Black has created a threat: 15...Rxd3! /\16.Qxd3
e4 17.Bxf6 gxf6 (ףd3,Nf3).} 15. Be2 $14 Ne8 ({The plan of translation B on
point "e8" :} 15... Bd7 16. Rfd1 Be8 {is weak,because of:} 17. Qb2 e4 18. Nd2 {
קe4}) ({I can not recommended:} 15... a4 16. bxa4 e4 17. Nd2 Bf5 18. Rab1 {
,because Black have no sufficient indemnification for pawn and White can begin
pressure on <->b.}) 16. Rfd1 {<->d} Rxd1+ ({In this position I would accept
the following decision:} 16... Bd7 $5 17. Nd2 $140 (17. Rd2 e4 18. Nh2 a4 19.
bxa4 Nd6 {/\Be6; קc4 +/=}) 17... a4 $1 18. bxa4 Nd4 19. exd4 exd4 {[%csl Ra4,
Rc3,Re2]} 20. Qe4 Qxe4 21. Nxe4 Bc6 22. Nxc5 dxc3 23. Rxd8 Rxd8 24. a5 $14) 17.
Rxd1 e4 {This move not effective,as the white's knight begins to move on a
convenient route.} 18. Nd2 Bf5 19. Nf1 b6 {In another way,position of Black
can become dangerous:} (19... Bg6 $6 20. Ng3 Rd8 21. Rd5 $1 (21. Rxd8 $143 Qxd8
$140 22. Nxe4 $6 Nd6 23. f3 (23. Bd3 $143 Bxe4 24. Bxe4 Nxe4 25. Qxe4 Qd1+ 26.
Kh2 Qxb3 $11) 23... Nxe4 24. fxe4 Qg5 25. Qd3 Ne5 $44) (21. Bg4 $5 Rd3 22. Rxd3
exd3 23. Qb2 $14) 21... Nf6 $140 22. Nf5 $1 Bxf5 23. Rxf5 Ne8 24. Rd5 {+/=/+/-}
) (19... a4 $6 20. bxa4 Nd6 21. Qb2 f6 22. Qb6 $1 (22. Ng3 $143 Be6 $140 23.
Rxd6 $6 Qxd6 24. Qxb7 Rb8 25. Nxe4 Rxb7 26. Nxd6 Rb1+ $1 27. Kh2 $140 Rc1 $132)
22... Nc8 23. Qb5 N8a7 24. Qb2 {+/=/+/-}) 20. Ng3 Bg6 21. Bg4 $1 {White by all
pieces surround of Pe4.} Rd8 (21... a4 $5 22. Rd7 Qg5 23. bxa4 Nf6 {with some
compensation behind pawn,but all the same,White has here appreciable advantage:
} 24. Bxf6 Qxf6 25. Qd1 $14 (25. Nxe4 $2 Qe5 26. Bf3 Re8 27. Rd5 Qe7 28. Rd6
Na5 $1 (28... Qxd6 $2 29. Nxd6 Bxc2 30. Nxe8 $16) (28... Bxe4 $2 29. Qxe4 Qxe4
30. Bxe4 Rxe4 31. Rxc6 Rxc4 32. Rxb6 Rxa4 {+/=/+/-}) 29. Rxg6 fxg6 30. Nc3 $13)
) 22. Rxd8 Qxd8 ({Can be recommended:} 22... Nxd8 $5 23. Bf5 Bxf5 24. Nxf5 Qe6
25. Ng3 a4 26. bxa4 Nd6 27. Qd1 N8b7 28. Qd5 $14) 23. Bf5 {[%csl Re4]} Bxf5 24.
Nxf5 Qd3 $2 {Black not correctly have estimated all consequences of this move.}
({It was necessary:} 24... Ne7 25. Ng3 (25. Qxe4 $2 Nxf5 26. Qxf5 Qd1+ 27. Kh2
Qxb3 28. Qc8 Qxc3 29. Qxe8+ Kh7 30. Qxf7 Qxa3 $11) 25... f5 26. Nh5 $14) 25.
Qxd3 exd3 26. a4 $1 $16 {[%csl Rd3][%cal Gg1f1,Gf1e1,Ge1d2] This move is
directed against following idea : 27...a4 28.bxa4 g6 29.Nxh6+ Kf8 /\30...Nd6
קc4 Now it's impossible! The black's Pd3 is cut off from the his forces and
will be gradually destroyed.} f6 (26... Nb4 27. Kf1 Na2 (27... Nc2 $2 28. Ne7+
Kf8 29. Nd5 {[%csl Rb6,Rd3][%cal Gd5f4,Gd5b6]}) 28. Bb2 $16 d2 $140 $6 29. Ke2
Nc1+ 30. Kxd2 Nxb3+ $2 31. Kc3 $18 {פb3}) 27. Kf1 Kf7 28. Ke1 Ke6 29. e4 Nd6
30. Nxd6 (30. Nxg7+ $2 Kf7 31. Nf5 Nxe4 32. Bb2 $14) 30... Kxd6 31. Kd2 h5 (
31... Ke6 $5 32. f4 $140 g5 33. g3 (33. f5+ $4 Ke7 34. Kxd3 Ne5+ {and the
position of Black is impenetrable!}) 33... h5 34. Kxd3 $16) 32. f4 $1 Ke7 $140
33. f5 {Loek Van Wely prevent a progress "g5". Now Black are in a complete
clip.} Kd6 $6 ({Black could render a more stubborn resistance:} 33... Kf7 34.
Kxd3 $140 g5 35. fxg6+ Kxg6 36. Bd2 $1 {/\Bf4-c7(קb6)} (36. Ke3 $143 Nd8 {
/\Ne6}) 36... Nd4 37. Bf4 Ne6 (37... Nxb3 $2 38. Bc7 $18) 38. Bd6 $16 {
/\Bb8-a7(קb6)}) 34. Kxd3 Kd7 (34... Ne5+ $144 35. Ke3 Nc6 36. Kf4) ({Already
does not help:} 34... Ke7 35. Ke3 Kf7 36. Kf4 g5+ 37. fxg6+ Kxg6 38. e5 $1 $18)
35. Ke3 Ke7 36. g3 ({Immediate progress:} 36. g4 {also leads to same result.})
36... Kd7 37. g4 hxg4 38. hxg4 Ke8 (38... Kd6 39. g5 Ke7 40. g6 {/\Kf4 and e5;
קg7}) 39. e5 $18 Ke7 ({After:} 39... fxe5 40. Ke4 Nd4 41. Kxe5 Nxb3 42. Kd5 {
Black remains only with weaknesses.}) 40. Ke4 Nd8 41. e6 {The further
resistance is senseless.} Nb7 42. Kd5 Nd6 43. Bd2 g6 (43... Ne8 44. Bf4 {
[%csl Yf4][%cal Yf4b8,Gd5c6]}) 44. fxg6 Ne8 45. Bf4 1-0

[Event "FIDE World Cup-D (Women)"]
[Site "Shenyang"]
[Date "2000.09.04"]
[Round "4"]
[White "Hoang, Thanh Trang"]
[Black "Wang, Lei"]
[Result "1/2-1/2"]
[WhiteElo "2489"]
[BlackElo "2498"]
[Annotator "Golod,V"]
[PlyCount "83"]
[EventDate "2000.09.01"]
[EventType "tourn"]
[EventRounds "5"]
[EventCountry "CHN"]
[EventCategory "8"]
[SourceTitle "CBM 079"]
[Source "ChessBase"]
[SourceDate "2000.11.21"]
[SourceVersion "1"]
[SourceVersionDate "2000.11.21"]
[SourceQuality "1"]

1. d4 Nf6 2. c4 e6 3. Nc3 Bb4 4. Qc2 O-O 5. a3 Bxc3+ 6. Qxc3 b6 7. Bg5 Ba6 8.
Qf3 $5 {[%mdl 4]} (8. e3 $5 {It's main line.See comments to Gabriel,C-Wells,P/
Pulvermuehle,2000/CBM 75(1/2-1/2) (Golod,V)(22)}) ({Besides,white has three
options:} 8. Nf3) (8. Rc1) ({and} 8. f3 $6 {See comments to Golod,V-Dgebuadze,
A/ Hoogeveen,1998/CBM 68 (1-0)(Golod,V)(52)}) 8... Nc6 9. e3 h6 ({
Interestingly from the beginning:} 9... Na5 $5 {You can see comments to
Beliavsky,A-Kortschnoj,V/Lviv,2000/CBM 77 (1/2-1/2)(Golod,V) (33)}) 10. Bxf6 $5
(10. h4 $5 {See comments to next games:  Dias,P-Miralles,G/Escaldes,1998/CBM
68 (1/2-1/2)(Rodriguez,Am) (18) and Golod,V-Polgar,J/ISR,2000/CBM 77(1/2-1/2) 
(Golod,V)(19)}) 10... Qxf6 11. Qxf6 gxf6 {[%mdl 16] After queens was exchanged
white always will have small positional advantage in middlegame.} 12. Nf3 $146
{This move was not played in the next game:} (12. Rc1 $5 Ne7 13. Ne2 f5 14. Nc3
Bb7 15. Rd1 d6 16. Be2 Rfd8 17. O-O Kf8 18. f4 {+/=/= Sokolov,I-Psakhis,L/
Vlissingen,2000 (1/2-1/2)(37)}) ({Also it deserves attention:} 12. b4 $5) 12...
Ne7 $5 {Black's plan is:c5,Rac8(or Rfc8) with pressure to pawn "c4" and play
in <->c.} 13. b4 ({From my point of view a little better is:} 13. O-O-O $5 {
[%csl Gd1,Rd7] against advance c5(קd7).}) 13... c5 {All the same it's right
answer on 13.b4} 14. dxc5 bxc5 15. Bd3 $6 {After this move black has a easy
and clear plan of game.} ({More fundamentally:} 15. Rd1 d5 $1 (15... cxb4 $143
16. axb4 (16. Rxd7 $2 bxa3 {[%csl Ga3][%cal Ga3a2]}) 16... Rfd8 $14 (16... d5
$2 17. b5 $16 {[%csl Gb5,Gc4]})) ({leads to bad position:} 15... Rfd8 $2 16.
bxc5 Rac8 17. Nd2 $1 Rxc5 (17... f5 18. Nb3 {+/=/+/-}) 18. Ne4 Rc6 19. Rxd7 $1
Rxd7 20. Nxf6+ Kg7 21. Nxd7 $16) 16. cxd5 (16. bxc5 dxc4 17. Rd6 Bb5 18. Nd4
Rab8 $11 {[%csl Rc5][%cal Gf8c8]}) 16... Bxf1 17. d6 (17. Rxf1 cxb4 18. d6 Nc8
$1 19. axb4 (19. d7 Nb6 $11 {[%csl Rd7][%cal Gf8d8]}) 19... Rd8 $11) 17... Nc8
$1 18. d7 Nb6 19. bxc5 Bb5 $1 20. cxb6 axb6 $11 {[%csl Ra3,Rd7]} 21. Rd6 $140
$6 Rfd8 22. Rxb6 Rxa3 $36 {[%cal Ga3a1]}) 15... Bb7 {/^a8-h1} 16. Ke2 a5 ({
Another alternative is:} 16... Rfc8) 17. b5 Kh8 $6 {Dubious,prophylactic move.}
({Can be recommended:} 17... Nc8 {/\Nb6,Rfc8,Kf8-e7(><d6)=}) 18. Rhb1 $6 {
Senseless move.} (18. Rhd1 $5 {/\g3,Nd2 and Be4}) 18... Nc8 19. Nd2 Nb6 {
It's ideal place for black's knight.} ({Badly:} 19... Bxg2 {in view of:} 20. f3
$5 {[%csl Rg2]} (20. Be4 $143 Bxe4 21. Nxe4 Nb6 (21... d6 $2 22. b6 $18) 22.
Nxf6 Kg7 23. Ne4 f5 $14) 20... Nb6 21. Rg1 Rg8 22. Ne4 $16) 20. g3 {+/=/=} Rfc8
21. Rc1 {Confirmation of my comments to 18.Rhb1} Rc7 22. Be4 d5 23. Bf3 $6 ({
From my point of view white save at advantage after:} 23. cxd5 exd5 (23... Bxd5
$2 24. Bxd5 $1 exd5 25. Nb3 $16) 24. Bf5 a4 25. Rc2 Bc8 $1 {+/=/=}) 23... a4
24. Rab1 {Probably with the idea:Rb2-c2(קc5).} Ra5 {[%csl Rb5][%cal Ga5b5]}
25. Rb2 Kg7 (25... f5 $5 {[%csl Yf5][%cal Yf5e4] against e4.}) 26. e4 dxe4 {
[%mdl 256] In my opinion this move much better,than:} (26... d4 27. Bg4 $14 {
[%csl Yg4]}) 27. Bxe4 Bxe4 28. Nxe4 f5 $1 29. Nd2 Rd7 {<->d} 30. Nf3 Kf6 {
[%csl Re5][%cal Yf6e5] +/=/=} 31. Rd2 Raa7 32. Rc3 Rxd2+ ({Black also
egualizes after:} 32... e5 $5 33. Rcd3 {[%cal Gd3d6]} Ke6 34. Rxd7 Rxd7 35.
Rxd7 Nxd7 $11) 33. Nxd2 Rd7 34. Rd3 Ke7 ({Again it deserves attention:} 34...
Rxd3 35. Kxd3 e5 36. f4 e4+ 37. Ke3 h5 $11) 35. Rxd7+ Kxd7 36. Ke3 f6 37. Kf4
h5 38. h4 Ke7 39. Ke3 ({Also equlity after:} 39. f3 {[%cal Gg3g4]} Kf7 40. g4
fxg4 41. fxg4 hxg4 42. Kxg4 Kg6 $11) 39... Nd7 $11 40. Kd3 Ne5+ 41. Kc3 Kd6 42.
Nf1 (42. Nf1 Ng4 43. f3 Ne5 44. Nd2 $11) 1/2-1/2

[Event "Julian Borowski-A 3rd"]
[Site "Essen"]
[Date "2001.05.05"]
[Round "4"]
[White "Gurevich, Mikhail"]
[Black "Lutz, Christopher"]
[Result "1/2-1/2"]
[WhiteElo "2688"]
[BlackElo "2614"]
[Annotator "Golod,V"]
[PlyCount "89"]
[EventDate "2001.05.02"]
[EventType "tourn"]
[EventRounds "9"]
[EventCountry "GER"]
[EventCategory "15"]
[SourceTitle "CBM 083"]
[Source "ChessBase"]
[SourceDate "2001.07.05"]
[SourceVersion "1"]
[SourceVersionDate "2001.07.05"]
[SourceQuality "1"]

1. d4 Nf6 2. c4 e6 3. Nc3 Bb4 4. Qc2 O-O 5. a3 Bxc3+ 6. Qxc3 b6 7. Bg5 Bb7 8.
f3 h6 9. Bh4 d5 10. e3 Nbd7 11. cxd5 Nxd5 12. Bxd8 Nxc3 13. Bh4 Nd5 14. Bf2 c5
15. e4 ({In my opinion slightly better is:} 15. Bb5 $5 {You can see comments
to games: Kramnik,V-Kasparov,G/London,2000/CBM 79(1/2-1/2)  (Golod,V)(38) and
Golod,V-Pilgaard,K/Ubeda,2001(1/2-1/2)(Golod,V)(72)}) 15... Ne7 $5 {Besides
black has two options:} (15... Nf4 $6 {(I shall bring as an example freshest
game.)} 16. Bb5 Rad8 17. Ne2 $1 Nxg2+ $140 18. Kf1 f5 19. d5 exd5 20. exd5 Bxd5
21. Kxg2 Ne5 22. Ng1 g5 23. Re1 Ng6 24. h4 $16 {Sokolov,I-Hansen,C/Malmoe,2001
(1-0)(41)}) ({and} 15... N5f6 16. dxc5 $6 (16. Ne2 $5 $14) 16... Nxc5 17. Bxc5
$6 bxc5 18. Rc1 Rac8 19. Bb5 Rfd8 20. Ne2 Rd6 $13 {James,D-Markowski,T/Lloyds
Bank op,1994(0-1)(41)}) 16. Bb5 (16. Ne2 $143 Rac8 17. Nc3 cxd4 18. Bxd4 Rfd8
19. Be2 Ng6 20. Kf2 Nf4 21. Rac1 Nc5 22. Bxc5 Rxc5 23. Rcd1 $11 {Dive,R-Xu Jun/
Istanbul,2000(1/2-1/2)(49)}) 16... Nc6 $5 ({Worse is:} 16... Bc6 17. Bxc6 Nxc6
18. Ne2 cxd4 19. Nxd4 Nxd4 20. Bxd4 {and white has a slight advantage on the
endgame.}) 17. Ne2 ({Badly:} 17. d5 {because of:} exd5 18. exd5 Rae8+ 19. Ne2
Nce5 $36 {[%cal Ga7a6]} (19... Ncb8 $143) 20. f4 $140 $2 a6 $17) ({Can be
recommended:} 17. Rc1 $5 Rac8 (17... cxd4 $6 {is refuted by:} 18. Rxc6 $1 (18.
Bxc6 $6 Rac8 $11) 18... Bxc6 19. Bxc6 Rad8 20. Ne2 {+/=/+/-}) 18. dxc5 Nxc5 19.
Bxc5 bxc5 20. Ne2 {with slight positional advantage of white.} (20. Rxc5 $2 Nd4
21. Rxc8 Rxc8 $36)) 17... a6 $5 $146 {[%mdl 8]} ({Was checked in the previous
game:} 17... Rfc8 {See comments to Teplitsky,Y-Gershon,A/Bermuda,1999/CBM 69(1/
2-1/2)(Golod,V)(27)}) 18. Bd3 ({Leads to equal position:} 18. Bxc6 Bxc6 19.
dxc5 bxc5 {[%cal Gf8b8]} 20. Rc1 Rfc8 {[%csl Rb2,Rc5,Yc8][%cal Ga8b8]}) 18...
Rfd8 {[%csl Rd3,Gd8]} 19. O-O-O {Mikhail Gurevich repeatedly applied,with
success,this plan in typical positions.} cxd4 20. Nxd4 Nxd4 21. Bxd4 Nc5 {
Black react correctly,differently it is possible to get in obvious bad
position.} 22. Bc2 ({Senselessly:} 22. Bxc5 $6 {because of:} Rdc8 $1 ({Much
worse is:} 22... Rac8 23. Bc2 $1 bxc5 $14 (23... Rxd1+ $143 24. Rxd1 bxc5 (
24... Rxc5 $2 25. Rd8+ Kh7 26. e5+ $1 g6 27. Rd7 $16 {[%csl Rb7,Rf7,Rg6]}) 25.
Rd6 {[%cal Gc1d2,Gd2c3]})) 23. Bc2 Rxc5 $11 24. Rd7 $140 Rac8 25. Rxb7 Rxc2+
26. Kb1 Rxg2 27. Rxb6 a5 $15 {[%csl Gg7,Gh6][%cal Gh6h5,Gg7g5]}) 22... Rac8 {
[%cal Gc5b3]} 23. Bc3 ({Is a possibly continuation of the play:} 23. Be3) 23...
Bc6 {[%cal Gc6a4]} 24. Rxd8+ Rxd8 25. Rd1 {White transfer to endgame,where on
their party conclusive advantage at the expense of presence of two bishops.}
Rxd1+ 26. Bxd1 $14 {[%mdl 4096]} f6 {/\Kf7-e7-d6} 27. Bd4 {[%csl Rb6,Rc5,Gd4]
[%cal Gd4c5,Gc1c2,Gc2c3]} Kf7 28. Kd2 Ke7 29. e5 $5 {[%csl Ye5,Re7][%cal Ye5d6]
} ({Is impossible to take benefit from:} 29. Bxc5+ bxc5 30. Kc3 (30. Be2 a5 $11
{[%csl Ya5,Yc5]}) 30... Bb5 $5 $11) 29... f5 30. Ke3 ({After:} 30. Bxc5+ bxc5
31. Kc3 Bb5 $8 (31... Bd5 $2 32. b4 $16 {[%csl Ra6]}) 32. b4 (32. g3 a5 $11 {
[%csl Ra5,Yb5,Rc5] and white can not anything make,for example:} 33. Bb3 (33.
f4 Kd7 34. Bb3 Ke7 35. Bc4 Bc6 36. Bd3 {[%cal Gc3c4]} Bd5 {[%csl Yd5]} 37. Bc4
Bc6 38. Ba2 Bb5 {and so on.})) 32... cxb4+ 33. Kxb4 f4 $1 {[%csl Rg2][%cal
Gb5f1] black has a counterplay in the BB endgame.}) (30. b4 $143 Nd7 31. Be2 b5
{+/=/=}) 30... a5 $6 {Now black are not afraid: Bxc5,but have weakened queen
side.} (30... Nd7 $5 {[%csl Ya6,Yc6][%cal Yb6b5] /\b5}) 31. Kd2 {[%cal Gd2c3]}
(31. Be2 $5 {/^a6-f1}) 31... Bb5 {[%csl Yb5][%cal Yb5a6,Yb5f1] Now this
diagonal is occupied by the black bishop.} 32. Kc3 Kd7 33. b4 Na4+ 34. Kd2 ({
There is not enough for a win:} 34. Bxa4 Bxa4 35. Bxb6 axb4+ 36. Kxb4 (36. axb4
Bb5 37. Kd4 Kc6 {[%csl Yb5,Yc6]} 38. Bc5 g6 39. Bf8 h5 40. Ke3 Kd7 41. Kf4 Ke8
42. Kg5 Kf7 $11) 36... Bc2 37. a4 Kc6 $11) 34... axb4 35. axb4 Bc6 36. Ke3 b5
37. g4 fxg4 38. f4 $2 ({It was necessary:} 38. fxg4 {/\h4,Kf4and g5} g5 $5 {
/\Kc7,Nb6} 39. Kf2 Kc7 40. Kg3 (40. h4 $6 {[%csl Rg5,Rh6][%cal Gd4e3]} gxh4 41.
Be3 Nc3 $11 {[%csl Rd1][%cal Gc3e4]}) 40... Nb6 41. Bc5 $14 {[%csl Re6,Rg5,Rh6]
[%cal Gc5f8]}) 38... h5 39. Kf2 Be4 40. Kg3 g6 {[%csl Ye4,Ye6,Yg4,Yg6,Yh5]
Black have constructed an impenetrable fortress.} 41. Kh4 Kc6 $11 42. Bb3 Bf5
43. Kg5 Nb6 44. Bxb6 $8 {Differently,can appear the large problems in struggle
for equality.} Kxb6 45. Ba2 {[%csl Ya2]} 1/2-1/2